000
00212nam a2200085Ia 4500
008
120527s9999 xx 000 0 und d
100
_a
Wester, Drew
245
_a
Psychology; brain, behavior and culture
942
_c
BK
999
_c
27609
_d
27609